| 000 | 00451nam a22001817a 4500 | ||
|---|---|---|---|
| 003 | NUST - PNEC | ||
| 005 | 20170116181112.0 | ||
| 008 | 151004b xxu||||| |||| 00| 0 eng d | ||
| 020 | _a- | ||
| 040 | _cLIBRARY | ||
| 082 | _a955.5491 RIK | ||
| 100 |
_913013 _aRikhye, Ravi |
||
| 245 |
_aThe fourth round, Indo-Pak war, 1984 _cRavi Rikhye |
||
| 250 | _a1st ed. | ||
| 260 | _cc.1982 | ||
| 650 |
_913016 _aPakistan _xGeneral books |
||
| 942 |
_2ddc _cBK |
||
| 999 |
_c69187 _d69187 |
||